000 00590nam a2200193 a 4500
005 20140311163009.0
008 051014s19uu xx 00 eng d
020 _a9780805848304
050 _aBF 424
_b.M67 2005
100 _aMoshman, David
245 _aAdolescent psychological development :
_brationality, morality, and identity /
_cDavid Moshman.
250 _a2nd ed.
260 _aMahwah, New Jersey :
_bLawrence Erlbaum Associates Inc,
_c2005.
300 _a174 p. :
_c20 cm.
521 _aPSYCH
650 _aAdolescent psychology.
942 _cBK
_2lcc
_kFOR
999 _c39357
_d39357